Statistiche per Poesie di Giacomo Leopardi

Clicka qui per fare il quiz!

Statistiche generali

  • Questo quiz è stato fatto 56 volte
  • Il punteggio medio è 8 su 11

Statistiche sulle risposte

HintRisposta% Corretto
Silvia, rimembri ancora
quel tempo della tua vita mortale,
quando beltà splendea
negli occhi tuoi ridenti e fuggitivi,
e tu, lieta e pensosa, il limitare
di gioventù salivi?
A Silvia
98%
Sempre caro mi fu quest’ermo colle,
E questa siepe, che da tanta parte
Dell’ultimo orizzonte il guardo esclude.
L'infinito
96%
O graziosa luna, io mi rammento
Che, or volge l’anno, sovra questo colle
Io venia pien d’angoscia a rimirarti:
E tu pendevi allor su quella selva
Siccome or fai, che tutta la rischiari.
Alla luna
92%
O patria mia, vedo le mura e gli archi
E le colonne e i simulacri e l’erme
Torri degli avi nostri,
Ma la gloria non vedo,
Non vedo il lauro e il ferro ond’eran carchi
I nostri padri antichi. Or fatta inerme,
Nuda la fronte e nudo il petto mostri.
All'Italia
85%
La donzelletta vien dalla campagna,
In sul calar del sole,
Col suo fascio dell’erba; e reca in mano
Un mazzolin di rose e di viole,
Onde, siccome suole,
Ornare ella si appresta
Dimani, al dì di festa, il petto e il crine.
Il Sabato del villaggio
85%
D’in su la vetta della torre antica,
Passero solitario, alla campagna
Cantando vai finchè non more il giorno;
Ed erra l’armonia per questa valle.
Il passero Solitario
83%
Passata è la tempesta:
Odo augelli far festa, e la gallina,
Tornata in su la via,
Che ripete il suo verso. Ecco il sereno
La quiete dopo la tempesta
73%
Or poserai per sempre,
Stanco mio cor. Perì l’inganno estremo,
Ch’eterno io mi credei. Perì. Ben sento,
In noi di cari inganni,
Non che la speme, il desiderio è spento.
A se stesso
69%
Qui su l’arida schiena
del formidabil monte
sterminator Vesevo,
la qual null’altro allegra arbor nè fiore,
tuoi cespi solitari intorno spargi,
La ginestra
65%
Dolce e chiara è la notte e senza vento,
E queta sovra i tetti e in mezzo agli orti
Posa la luna, e di lontan rivela
Serena ogni montagna. O donna mia,
Già tace ogni sentiero, e pei balconi
Rara traluce la notturna lampa:
La sera del dì di festa
27%
Che fai tu, luna, in ciel? dimmi, che fai,
Silenziosa luna?
Sorgi la sera, e vai,
Contemplando i deserti; indi ti posi.
Canto notturno di un pastore errante dell’Asia
17%

Distribuzione punteggi

Percentile per numero di risposta

Percentuale di utenti per punteggio

I tuoi punteggi nel tempo

Non hai fatto questo quiz